000 00792cam a2200277 4500500
005 20260405003040.0
041 _afre
042 _adc
100 1 0 _aPortevin, Catherine
_eauthor
245 0 0 _aFrédéric Worms : “La santé ne suffit pas à définir ce qui est vital”
260 _c2020.
500 _a51
690 _aBesoin
690 _aConfinement
690 _aCovid-19
690 _aFrédéric Worms
690 _aJohn Rawls
690 _aJustice
690 _aMinimum
690 _aRevenu de base
690 _aSanté
690 _aSoin
690 _aVital
786 0 _nPhilosophie magazine | 139 | 6 | 2020-06-01 | p. 23-24 | 1951-1787
856 4 1 _uhttps://shs.cairn.info/magazine-philosophie-magazine-2020-6-page-23?lang=fr&redirect-ssocas=7080
999 _c2063905
_d2063905